Central Library OPAC University of Rajshahi

The Bengal tenancy act, 1885 : (Record no. 84768)

MARC details
000 -LEADER
fixed length control field 00808nam a2200229 a 4500
001 - CONTROL NUMBER
control field 84768
003 - CONTROL NUMBER IDENTIFIER
rucl marc code BD-RjUL
005 - DATE AND TIME OF LATEST TRANSACTION
control field 20250311105405.0
008 - FIXED-LENGTH DATA ELEMENTS--GENERAL INFORMATION
fixed length control field 250311s1963 bg ||||| |||| 00| 0 eng d
035 ## - SYSTEM CONTROL NUMBER
System control number (BD-RjUL)84768
040 ## - CATALOGING SOURCE
Original cataloging agency BD-RjUL
Language of cataloging eng
Transcribing agency BD-RjUL
041 ## - LANGUAGE CODE
Language code of text/sound track or separate title eng
082 ## - DEWEY DECIMAL CLASSIFICATION NUMBER
Edition number 23
Classification number 346.54920434
Author mark and year EAB 1963
110 ## - MAIN ENTRY--CORPORATE NAME
Corporate name or jurisdiction name as entry element East Pakistan (Pakistan)
9 (RLIN) 14789
245 ## - TITLE STATEMENT
Title The Bengal tenancy act, 1885 :
Remainder of title (Act VIII of 1885) as modified up to the 31st August, 1963.
Statement of responsibility, etc. East Pakistan (Pakistan), East Pakistan Law Department
260 ## - PUBLICATION, DISTRIBUTION, ETC. (IMPRINT)
Place of publication, distribution, etc. Dacca :
Name of publisher, distributor, etc. East Pakistan Govt. Press,
Date of publication, distribution, etc. 1963
300 ## - PHYSICAL DESCRIPTION
Pagination 181 p.;
Size 25 cm.
650 ## - SUBJECT ADDED ENTRY--TOPICAL TERM
Topical term or geographic name as entry element Land tenure Law and legislation
9 (RLIN) 15171
Topical term or geographic name as entry element Land tenure Law and legislation Bangladesh
9 (RLIN) 15172
710 ## - ADDED ENTRY--CORPORATE NAME
Corporate name or jurisdiction name as entry element East Pakistan Law Department
9 (RLIN) 15173
942 ## - ADDED ENTRY ELEMENTS (KOHA)
Source of classification or shelving scheme Dewey Decimal Classification
Koha item type Books
Holdings
Lost status Source of classification or shelving scheme Damaged status Not for loan Collection code Permanent Location Current Location Shelving location Date acquired Source of acquisition Cost, normal purchase price Total Checkouts Full call number Date last seen Copy number Koha item type
  Dewey Decimal Classification   Not For Loan Non-fiction Central Library, University of Rajshahi Central Library, University of Rajshahi Reading Room 02/07/1968 Dacca : Warsi Book Corp 2.64   346.54920434 EAB 1963 11/03/2025 C-1 Books